Hospital performance in Brazil (Record no. 37813)
[ view plain ]
| 000 -LEADER | |
|---|---|
| fixed length control field | 01415nam a22003614a 4500 |
| 082 04 - DEWEY DECIMAL CLASSIFICATION NUMBER | |
| Classification number | 362.110981 |
| 100 1# - MAIN ENTRY--AUTHOR NAME | |
| Personal name | La Forgia, Gerard M. |
| 245 10 - TITLE STATEMENT | |
| Title | Hospital performance in Brazil |
| 260 ## - PUBLICATION, DISTRIBUTION, ETC. (IMPRINT) | |
| Place of publication | Washington, D.C. : |
| Name of publisher | World Bank, |
| Year of publication | c2008. |
| 300 ## - PHYSICAL DESCRIPTION | |
| Number of Pages | xlv, 411 p. : |
| Other physical details | ill. |
| 650 #0 - SUBJECT ADDED ENTRY--TOPICAL TERM | |
| Topical Term | Hospitals |
| Topical Term | Hospital care |
| Topical Term | Hospital care |
| 700 1# - ADDED ENTRY--PERSONAL NAME | |
| Personal name | Couttolenc, Bernard. |
| 856 40 - ELECTRONIC LOCATION AND ACCESS | |
| Uniform Resource Identifier | http://site.ebrary.com/lib/rucke/Doc?id=10237214 |
No items available.
